书目信息 |
| 题名: |
利用红土镍矿冶炼镍铁合金及不锈钢
|
|
| 作者: | 周建男 , 周天时 编著 | |
| 分册: | ||
| 出版信息: | 北京 化学工业出版社 2016.01 |
|
| 页数: | 449页 | |
| 开本: | 26cm | |
| 丛书名: | ||
| 单 册: | ||
| 中图分类: | TF644 , TF764 , TF644 | |
| 科图分类: | ||
| 主题词: | 镍铁--铁合金熔炼--研究 , 不锈钢--精炼(冶金) | |
| 电子资源: | ||
| ISBN: | 978-7-122-25365-1 | |
| 000 | 01019nam0 2200289 450 | |
| 001 | 0120151736898 | |
| 005 | 20170324112550.90 | |
| 010 | @a978-7-122-25365-1@dCNY148.00 | |
| 100 | @a20151228d2016 em y0chiy50 ea | |
| 101 | 0 | @achi |
| 102 | @aCN@b110000 | |
| 105 | @aak z 000yy | |
| 106 | @ar | |
| 200 | 1 | @a利用红土镍矿冶炼镍铁合金及不锈钢@9li yong hong tu nie kuang ye lian nie tie he jin ji bu xiu gang@f周建男,周天时编著 |
| 210 | @a北京@c化学工业出版社@d2016.01 | |
| 215 | @a449页@c图@d26cm | |
| 330 | @a本书结合镍铁合金及不锈钢的生产实践,在介绍红土镍矿基本知识的基础上,全面介绍镍铁合金及不锈钢冶炼的生产工艺、原辅材料、装备等知识,对不锈钢精炼等工艺细节进行了详细的介绍。 | |
| 333 | @a冶炼技术人员 | |
| 606 | 0 | @a镍铁@x铁合金熔炼@x研究 |
| 606 | 0 | @a不锈钢@x精炼(冶金) |
| 690 | @aTF644@v5 | |
| 690 | @aTF764@v5 | |
| 690 | @aTF644@v4 | |
| 701 | 0 | @a周建男@9zhou jian nan@4编著 |
| 701 | 0 | @a周天时@9zhou tian shi@4编著 |
| 801 | 0 | @aCN@b人天书店@c20151228 |
| 905 | @b981014-16@dTF644@e40@f3 | |
| 利用红土镍矿冶炼镍铁合金及不锈钢/周建男,周天时编著.-北京:化学工业出版社,2016.01 |
| 449页:图;26cm |
| 使用对象:冶炼技术人员 |
| ISBN 978-7-122-25365-1:CNY148.00 |
| 本书结合镍铁合金及不锈钢的生产实践,在介绍红土镍矿基本知识的基础上,全面介绍镍铁合金及不锈钢冶炼的生产工艺、原辅材料、装备等知识,对不锈钢精炼等工艺细节进行了详细的介绍。 |
| ● |
| 相关链接 |
|
|
|
|
正题名:利用红土镍矿冶炼镍铁合金及不锈钢
索取号:TF644/40
 
预约/预借
| 序号 | 登录号 | 条形码 | 馆藏地/架位号 | 状态 | 备注 |
| 1 | 981014 | 209810141 | 第二样本阅览室/ [索取号:TF644/40] | 在馆 | |
| 2 | 981015 | 209810150 | 第三借阅区/ [索取号:TF644/40] | 在馆 | |
| 3 | 981016 | 209810169 | 化学系资料室/ [索取号:TF644/40] | 在馆 |